World Cup 2018 - One player from each team - Statistics

General Stats
  • This quiz has been taken 127 times
  • The average score is 14 of 32
Answer Stats
Hint Answer % Correct
Nabil Fekir France
87%
Nick Pope England
83%
Leon Goretzka Germany
81%
Lee Yong South Korea
78%
Tomoaki Makino Japan
76%
Alvaro Odriozola Spain
66%
Trezeguet Egypt
60%
Dedryck Boyata Belgium
52%
Mario Fernandes Russia
52%
Tin Jedvaj Croatia
49%
John Ogu Nigeria
49%
Pione Sisto Denmark
45%
Youssouf Sabaly Senegal
44%
Manuel Fernandes Portugal
43%
Amine Harit Morocco
41%
Abdullah Otayf Saudi Arabia
41%
Rafal Kurzawa Poland
40%
Maximiliano Meza Argentina
36%
Pedro Geromel Brazil
36%
Carlos Salcedo Mexico
36%
Antonio Rukavina Serbia
35%
Isaac Kiese Thelin Sweden
31%
Saman Ghoddos Iran
26%
Alex Rodriguez Panama
26%
Farid Diaz Colombia
23%
Martin Silva Uruguay
23%
Francois Moubandje Switzerland
19%
Dylan Bronn Tunisia
19%
Dimitri Petratos Australia
17%
Andy Polo Peru
16%
Ian Smith Costa Rica
14%
Frederik Schram Iceland
12%
No matching quizzes found
Score Distribution
Percent of People with Each Score
Percentile by Number Answered
Your Score History
You have not taken this quiz